Les élèments d'une épée - Carte Quiz - Statistiques

Statistiques générales
  • Ce quiz a été pris 37 fois
  • Le résultat moyen est 6 sur 15
Réponses sur la Carte
Les réponses sont colorées sur une échelle allant du rouge au vert en fonction du pourcentage des utilisateurs qui les ont devinées à leur premier essai. Vous pouvez retrouver ces pourcentages ci-dessous.
 
Statistiques - réponses
Réponse % Correct
Lame
85%
Fourreau
70%
Pointe
65%
Poignée
55%
Pommeau
55%
Garde
50%
Arête centrale
45%
Tranchant
45%
Chappe
40%
Chappe, Protège-pluie
30%
Gouttière
30%
Fort
20%
Bouterolle
10%
Faible
5%
Fusée
5%
Aucun quiz correspondant
Distribution des résultats
% des personnes avec chaque résultat
Percentile par nombre de réponses
Votre historique - résultats
Vous n’avez pas pris ce quiz